Vista normal
Vista MARC
Entrada Personal Name
Número de registros utilizados en: 2
001 - CONTROL NUMBER
- control field: 9277
003 - CONTROL NUMBER IDENTIFIER
- control field: DLC
005 - DATE AND TIME OF LATEST TRANSACTION
- control field: 20221205121851.0
008 - FIXED-LENGTH DATA ELEMENTS
- fixed length control field: 830520n| azannaabn |a aaa
010 ## - LIBRARY OF CONGRESS CONTROL NUMBER
- LC control number: 83011374
035 ## - SYSTEM CONTROL NUMBER
- System control number: (OCoLC)oca00905930
040 ## - CATALOGING SOURCE
- Original cataloging agency: DLC
- Language of cataloging: spa
- Description conventions: rda
- Transcribing agency: Mx-PuUPA
- Modifying agency: DLC
- Modifying agency: OCoLC
- Modifying agency: MX-SlUA
- Modifying agency: IEN
- Modifying agency: Mx-PuUPA
100 1# - HEADING--PERSONAL NAME
- Personal name: Martín González, Juan José,
372 ## - FIELD OF ACTIVITY
- Field of activity: Arte
- Field of activity: Arquitectura
- Source of term: lcsh
373 ## - ASSOCIATED GROUP
- Associated group: Universidad de La Laguna
- Associated group: Universidad de Santiago de Compostela
- Associated group: Universidad de Valladolid
- Associated group: Real Academia de Bellas Artes de la Purísima Concepción de Valladolid
- Associated group: Real Academia de Bellas Artes de San Fernando
- Associated group: Academia das Bellas Artes de Lisboa
- Source of term: naf
374 ## - OCCUPATION
- Occupation: Profesor univeritario
- Source of term: lcsh
375 ## - GENDER
- Gender: hombre
377 ## - ASSOCIATED LANGUAGE
- Language code: spa
400 1# - SEE FROM TRACING--PERSONAL NAME
- Personal name: Martín González, J. J.
- Fuller form of name: (Juan José)
400 1# - SEE FROM TRACING--PERSONAL NAME
- Personal name: González, Juan José Martín
670 ## - SOURCE DATA FOUND
- Source citation: His La huella española en la escultura portuguesa, renacimiento y barroco, 1961.
670 ## - SOURCE DATA FOUND
- Source citation: His Historia del arte, 1982:
- Information found: t.p. (J.J. Martín González)
670 ## - SOURCE DATA FOUND
- Source citation: Historia del arte, 1974
- Information found: title page (J. J. Martín González) sleeve (Juan José Martín González (Alcazarquivir, 1923 - Valladolid, 2009) se licenció en 1945 y se doctoró en 1945, con una tesis sobre La arquitectura doméstica del Renacimiento en Valladolid. Desde 1957 ejerció como catedrético de Historia del Arte, primero en la Universidad de la Laguna, para seguir en la de Santiago de Compostela y, desde 1963, en la de Valladolid, donde llevó a cabo la mayor parte de su actividad docente. En 2002 fue nombrado doctor honoris causa de la Universidad de Coimbra...De entre sus obras merecen destacarse tanto obras de síntesis, como La escultura Barroca castellana (1959) y Escultura barroca en España, 1600-1770 (1983)...El retablo barroco en España (1993)... Fué miembro número de la Real Academia de Bellas Artes de la Purísima Concepción, de Valladolid y, desde 1985, de la Real Academia de Bellas Artes de San Fernando; así mismo fué Académico correspondiente de otras academias, entre ellas la Academia das Belas Artes de Lisboa)
670 ## - SOURCE DATA FOUND
- Source citation: Biblioteca del Congreso (Estados Unidos), 9 mayo 2019:
- Information found: catálogo eléctronico
670 ## - SOURCE DATA FOUND
- Source citation: Historia del arte I, 2010:
- Information found: portada (J.J. Martín González)
- Uniform Resource Identifier: http://bit.ly/2Lz7D1r